[Event "I Festival Golfo di Policastro A"]
[Site "San Nicola Arcella ITA"]
[Date "2007.09.17"]
[Round "2"]
[White "Lombardi, Mariano"]
[Black "Abatino, Maurizio"]
[Result "1-0"]
[WhiteElo "1877"]
[BlackElo "2179"]
[PlyCount "95"]
[EventDate "2007.09.16"]

1. e4 e6 2. d4 d5 3. Nc3 Bb4 4. e5 Ne7 5. a3 Bxc3+ 6. bxc3 c5 7. Qg4 Qc7 8.
Qxg7 Rg8 9. Qxh7 cxd4 10. Ne2 Nbc6 11. f4 Bd7 12. Qd3 dxc3 13. Qxc3 Nf5 14. Rb1
O-O-O 15. Rg1 d4 16. Qd3 a6 17. g4 Nh4 18. Rg3 f6 19. exf6 e5 20. f7 Rg7 21. f5
Rxf7 22. Bg5 Rh8 23. Rh3 Rfh7 24. Qg3 Nxf5 25. gxf5 Bxf5 26. Rxh7 Qxh7 27. h4
Bxc2 28. Rc1 Qd3 29. Qxd3 Bxd3 30. Nxd4 Bxf1 31. Nxc6 bxc6 32. Kxf1 Kd7 33. Ke2
Rb8 34. Rc3 Kd6 35. Kf3 Kd5 36. Rd3+ Ke6 37. Ke4 Rb1 38. Rh3 Rg1 39. Rb3 Rg4+
40. Kf3 Kf5 41. Rb6 Ra4 42. Rb3 a5 43. Rc3 Rd4 44. Ke3 Ra4 45. Kd3 Rd4+ 46. Kc2
e4 47. Rxc6 Kg4 48. Rc3 1-0

[Event "I Festival Golfo di Policastro A"]
[Site "San Nicola Arcella ITA"]
[Date "2007.09.17"]
[Round "2"]
[White "Meijers, Viesturs"]
[Black "Bentivegna, Francesco"]
[Result "1/2-1/2"]
[WhiteElo "2483"]
[BlackElo "2277"]
[PlyCount "47"]
[EventDate "2007.09.16"]

1. e4 e5 2. Nf3 Nc6 3. Bb5 a6 4. Bxc6 dxc6 5. O-O Ne7 6. b3 f6 7. d4 exd4 8.
Nxd4 c5 9. Ne2 Qxd1 10. Rxd1 Bd7 11. Bf4 O-O-O 12. Nbc3 Ng6 13. Bg3 h5 14. Nd5
Bd6 15. Bxd6 cxd6 16. g3 f5 17. Nb6+ Kc7 18. Nxd7 Rxd7 19. exf5 Ne7 20. Nf4
Nxf5 21. Rd5 Ne7 22. Rd2 d5 23. Re1 d4 24. c3 {...} 1/2-1/2

[Event "I Festival Golfo di Policastro A"]
[Site "San Nicola Arcella ITA"]
[Date "2007.09.17"]
[Round "2"]
[White "Okhotnik, Vladimir"]
[Black "Luch, Michal"]
[Result "1-0"]
[WhiteElo "2468"]
[BlackElo "2362"]
[PlyCount "85"]
[EventDate "2007.09.16"]

1. e4 e5 2. Nf3 Nf6 3. Nxe5 d6 4. Nf3 Nxe4 5. Bd3 Nf6 6. O-O Be7 7. h3 O-O 8.
c3 d5 9. Bc2 Nbd7 10. Re1 Re8 11. d4 Bd6 12. Nbd2 c6 13. Rxe8+ Qxe8 14. Bd3 Ne4
15. Nf1 f5 16. c4 Ndf6 17. Qb3 Rb8 18. cxd5 cxd5 19. Ne5 Bxe5 20. dxe5 Qxe5 21.
Qa3 a6 22. f3 Nd6 23. Qb4 d4 24. Bd2 Nd5 25. Qb3 Be6 26. Re1 Ne3 27. f4 Qf6 28.
Qb4 Nec4 29. b3 a5 30. Bxc4 Bxc4 31. Qxa5 Bf7 32. Ng3 Rc8 33. Bb4 g6 34. Qe5
Qxe5 35. fxe5 Nb5 36. e6 Be8 37. Ne2 Nc3 38. Nxd4 Nxa2 39. Bd2 Rd8 40. Nf3 Rc8
41. Kh2 Rc2 42. Bh6 Nc3 43. Nd4 1-0

[Event "I Festival Golfo di Policastro A"]
[Site "San Nicola Arcella ITA"]
[Date "2007.09.17"]
[Round "2"]
[White "Pedersen, Nicolai Vesterbaek"]
[Black "Epishin, Vladimir V."]
[Result "1/2-1/2"]
[WhiteElo "2440"]
[BlackElo "2587"]
[PlyCount "42"]
[EventDate "2007.09.16"]

1. d4 d5 2. c4 dxc4 3. Nf3 Nf6 4. e3 g6 5. Bxc4 Bg7 6. O-O O-O 7. b4 Nbd7 8. h3
Ne4 9. Bb2 Nd6 10. Be2 c6 11. Nbd2 Nb6 12. e4 Be6 13. Qc2 a5 14. a3 Qc8 15. Bc3
axb4 16. axb4 Rxa1 17. Rxa1 Rd8 18. Bb2 h6 19. Qc5 Nd7 20. Qa5 Qb8 21. Rc1 Rc8
1/2-1/2

[Event "I Festival Golfo di Policastro A"]
[Site "San Nicola Arcella ITA"]
[Date "2007.09.17"]
[Round "2"]
[White "Rotoni, Matteo"]
[Black "Gad, Ahmad"]
[Result "1/2-1/2"]
[WhiteElo "2074"]
[BlackElo "1796"]
[PlyCount "120"]
[EventDate "2007.09.16"]

1. e4 c5 2. d4 cxd4 3. c3 d3 4. Bxd3 d6 5. c4 Nf6 6. Nc3 g6 7. Nf3 Bg7 8. h3
O-O 9. O-O Nc6 10. Be3 Nd7 11. Rc1 Nc5 12. Bb1 Be6 13. b3 h6 14. Qd2 Kh7 15.
Nd4 Qa5 16. f4 Bd7 17. Qf2 f5 18. e5 Nxd4 19. Bxd4 Ne6 20. Nd5 Nxd4 21. Qxd4
Bc6 22. Rfe1 dxe5 23. fxe5 Rad8 24. Qc3 Qxc3 25. Rxc3 Bxd5 26. cxd5 Rxd5 27.
Rc7 Rxe5 28. Rxe5 Bxe5 29. Rxe7+ Bg7 30. Rxb7 Rd8 31. Bc2 Rd2 32. Rc7 Kg8 33.
Rc8+ Kf7 34. Rc7+ Kf6 35. b4 Bf8 36. a3 Bd6 37. Rc6 Kg5 38. Bb3 Kf4 39. Rc3 Ke4
40. Bf7 g5 41. Bh5 Rd3 42. Rc6 Bg3 43. Bf3+ Ke3 44. Re6+ Kd2 45. Re2+ Kc3 46.
Re6 Kb3 47. Kf1 Kxa3 48. Ke2 Rd6 49. Rxd6 Bxd6 50. b5 Kb4 51. Bc6 Kc5 52. Bd7
f4 53. Kf3 Kd4 54. Kg4 Ke3 55. Bc6 Kf2 56. Bb7 Bf8 57. Bc6 Bd6 58. h4 Be7 59.
Bb7 Ke3 60. hxg5 hxg5 1/2-1/2

[Event "I Festival Golfo di Policastro A"]
[Site "San Nicola Arcella ITA"]
[Date "2007.09.17"]
[Round "2"]
[White "Rotstein, Arkadij"]
[Black "Efimov, Igor"]
[Result "1/2-1/2"]
[WhiteElo "2515"]
[BlackElo "2426"]
[PlyCount "23"]
[EventDate "2007.09.16"]

1. d4 Nf6 2. c4 c6 3. Bf4 d6 4. Nc3 Nbd7 5. Nf3 Qa5 6. Qc2 e5 7. Bd2 Qc7 8. e3
Be7 9. Bd3 O-O 10. O-O a6 11. Rfc1 Re8 12. b4 1/2-1/2

[Event "I Festival Golfo di Policastro A"]
[Site "San Nicola Arcella ITA"]
[Date "2007.09.17"]
[Round "2"]
[White "Villar Nieves, Antonio"]
[Black "Caporale, Giuseppe Guido"]
[Result "1-0"]
[WhiteElo "2175"]
[BlackElo "1850"]
[PlyCount "73"]
[EventDate "2007.09.16"]

1. d4 Nf6 2. Bg5 c5 3. Nc3 d5 4. Bxf6 gxf6 5. e3 Nc6 6. dxc5 e6 7. Qh5 Bxc5 8.
O-O-O Bd7 9. e4 Bb4 10. exd5 Bxc3 11. dxc6 Bxb2+ 12. Kxb2 bxc6 13. Qc5 Qc7 14.
Bc4 Rb8+ 15. Bb3 Rg8 16. Nf3 Rb5 17. Qc3 e5 18. g3 Rg4 19. Ka1 Be6 20. Bxe6
fxe6 21. Rb1 Ra5 22. Qb3 Kf7 23. c4 e4 24. Nh4 Rgg5 25. Rb2 Ke7 26. Rd1 f5 27.
Qb7 Qxb7 28. Rxb7+ Kf6 29. Rxh7 Ra3 30. Kb2 Ra6 31. Rb7 Rh5 32. Rdd7 f4 33.
Rf7+ Ke5 34. Rxf4 Kd4 35. Rd7+ Kxc4 36. Rxe4+ Kc5 37. Nf3 1-0

[Event "I Festival Golfo di Policastro A"]
[Site "San Nicola Arcella ITA"]
[Date "2007.09.17"]
[Round "2"]
[White "Vuelban, Virgilio"]
[Black "Naumkin, Igor"]
[Result "1/2-1/2"]
[WhiteElo "2332"]
[BlackElo "2490"]
[PlyCount "148"]
[EventDate "2007.09.16"]

1. e4 e5 2. Nf3 Nc6 3. Bb5 a6 4. Ba4 Nf6 5. O-O Be7 6. Re1 b5 7. Bb3 O-O 8. c3
d6 9. h3 Na5 10. Bc2 c5 11. d4 Nd7 12. Nbd2 cxd4 13. cxd4 Nc6 14. Nb3 a5 15.
Be3 a4 16. Nbd2 Nb4 17. Bb1 a3 18. Qb3 Qa5 19. Nf1 axb2 20. Qxb2 Qa3 21. Qxa3
Rxa3 22. Bd2 Nc6 23. d5 Ncb8 24. Bb4 Ra8 25. Bd3 Na6 26. a3 Rb8 27. Rab1 Ndc5
28. Bxc5 Nxc5 29. Bxb5 f5 30. Ng3 fxe4 31. Nd2 Bb7 32. Bc4 e3 33. Rxe3 Bg5 34.
Re2 Bxd2 35. Rxd2 Ra8 36. Rb6 Rxa3 37. Rxd6 Rxg3 38. Rc6 Rc3 39. Rxc5 Ba6 40.
Bxa6 Rxc5 41. d6 Kf7 42. d7 Ke7 43. Bc8 Rc1+ 44. Kh2 Rd8 45. Re2 Kd6 46. f4
exf4 47. Re8 Kc7 48. Re7 Rc2 49. Kg1 f3 50. gxf3 h6 51. Rxg7 Rf8 52. Bb7 Rd2
53. Be4 Rxd7 54. Rg6 Rd6 55. Rg7+ Kb6 56. Kf2 Kc5 57. Ke3 Rb6 58. Rc7+ Kd6 59.
Rh7 Rf6 60. h4 Ke5 61. Re7+ Rfe6 62. Rf7 Rb3+ 63. Kf2 Rf6 64. Rg7 Rb8 65. Kg3
Rff8 66. Re7+ Kd6 67. Rh7 Rh8 68. Ra7 Rhg8+ 69. Kf4 Rbf8+ 70. Ke3 Rf6 71. Ra6+
Ke7 72. Ra7+ Kd6 73. Ra6+ Ke7 74. Ra7+ Kd6 1/2-1/2

[Event "I Festival Golfo di Policastro A"]
[Site "San Nicola Arcella ITA"]
[Date "2007.09.18"]
[Round "3"]
[White "Abatino, Maurizio"]
[Black "Bruno, Franco"]
[Result "1/2-1/2"]
[WhiteElo "2179"]
[BlackElo "1849"]
[PlyCount "162"]
[EventDate "2007.09.16"]

1. d4 d5 2. c4 e6 3. Nc3 Nf6 4. Bg5 c6 5. e3 Nbd7 6. cxd5 exd5 7. Bd3 Qa5 8.
Nge2 Bd6 9. Bh4 O-O 10. O-O Re8 11. Bg3 Bxg3 12. Nxg3 Nf8 13. Rb1 Qc7 14. b4
Ne6 15. Qc2 Bd7 16. Na4 b6 17. Rfc1 a6 18. Qb3 Qb8 19. Nc3 Ng5 20. a4 b5 21.
Qc2 g6 22. Re1 Ne6 23. Nce2 Ng5 24. Nc1 Nge4 25. Nb3 h5 26. Nf1 Kg7 27. f3 Nd6
28. Nc5 Nc4 29. Bxc4 bxc4 30. Nxd7 Nxd7 31. Nd2 Qd6 32. Qc3 Nf8 33. e4 Ne6 34.
Nxc4 Qd8 35. Na5 Rc8 36. e5 Qb6 37. Nb3 Rb8 38. Nc5 Re7 39. g3 h4 40. Kg2 Rh8
41. Rec1 Qd8 42. Rh1 Ra7 43. Rbc1 Ng5 44. Nd3 Qd7 45. Nf4 Qf5 46. Qxc6 Ne6 47.
Nxe6+ fxe6 48. Qc2 Qg5 49. f4 Qg4 50. Qd1 Qf5 51. Qf3 Rf7 52. Qe2 Rb7 53. b5
Rhb8 54. Rb1 Rc8 55. Rhc1 Rbc7 56. Rxc7+ Rxc7 57. Rb2 axb5 58. axb5 h3+ 59. Kf2
g5 60. b6 Rc1 61. Ke3 gxf4+ 62. Kd2 Rg1 63. b7 f3 64. Qe3 f2 65. b8=Q f1=N+ 66.
Kc3 Nxe3 67. Rb7+ Kg6 68. Qg8+ Kh5 69. Rh7+ Qxh7 70. Qxh7+ Kg4 71. Qh4+ Kf3 72.
Qxh3 Rc1+ 73. Kb4 Rc4+ 74. Ka5 Rxd4 75. Qxe6 Re4 76. Qf7+ Ke2 77. e6 d4 78. e7
d3 79. e8=Q Rxe8 80. Qxe8 d2 81. Qd8 d1=Q 1/2-1/2

[Event "I Festival Golfo di Policastro A"]
[Site "San Nicola Arcella ITA"]
[Date "2007.09.18"]
[Round "3"]
[White "Bagaturov, Giorgi"]
[Black "Buhmann, Rainer"]
[Result "0-1"]
[WhiteElo "2474"]
[BlackElo "2583"]
[PlyCount "104"]
[EventDate "2007.09.16"]

1. d4 d5 2. c4 c6 3. Nf3 Nf6 4. Nc3 e6 5. e3 Nbd7 6. Bd3 dxc4 7. Bxc4 b5 8. Bd3
a6 9. e4 c5 10. d5 c4 11. Bc2 Qc7 12. dxe6 fxe6 13. O-O Bc5 14. Qe2 Ne5 15.
Nxe5 Qxe5 16. Kh1 Bb7 17. f4 Qh5 18. Qxh5+ Nxh5 19. e5 O-O-O 20. Be4 g6 21.
Bxb7+ Kxb7 22. Ne4 Be7 23. Be3 Rd5 24. g4 Ng7 25. Kg2 a5 26. Rac1 a4 27. a3 Kc6
28. Rfd1 Rhd8 29. Nc3 Rd3 30. Kf2 Ne8 31. Ke2 Nc7 32. Rd2 Rxd2+ 33. Bxd2 Rd3
34. Rf1 Rh3 35. f5 Rxh2+ 36. Kd1 gxf5 37. gxf5 exf5 38. Rxf5 Ne6 39. Rf7 Bd8
40. Ne4 Rh4 41. Ng3 Rh3 42. Ne4 Nd4 43. Bc3 Rd3+ 44. Kc1 Ne2+ 45. Kc2 Re3 46.
Nd2 Nxc3 47. bxc3 Ba5 48. Nb1 h5 49. Rf8 h4 50. Rh8 h3 51. e6 Bc7 52. Nd2 h2
0-1

[Event "I Festival Golfo di Policastro A"]
[Site "San Nicola Arcella ITA"]
[Date "2007.09.18"]
[Round "3"]
[White "Bentivegna, Francesco"]
[Black "Rotstein, Arkadij"]
[Result "1/2-1/2"]
[WhiteElo "2277"]
[BlackElo "2515"]
[PlyCount "77"]
[EventDate "2007.09.16"]

1. e4 c5 2. c3 Nf6 3. e5 Nd5 4. d4 cxd4 5. Nf3 e6 6. cxd4 d6 7. Bc4 Nb6 8. Bb3
dxe5 9. Nxe5 Nc6 10. Nf3 Be7 11. Nc3 Bf6 12. Be3 Na5 13. Bc2 Nac4 14. O-O Bd7
15. Qe2 Rc8 16. Bb3 O-O 17. Ne5 Nxe3 18. Qxe3 Bc6 19. Rac1 Qd6 20. Ne4 Bxe4 21.
Qxe4 Nd5 22. Bxd5 exd5 23. Qf5 Rxc1 24. Rxc1 g6 25. Qf4 Re8 26. g3 Bxe5 27.
dxe5 Rxe5 28. Rc8+ Kg7 29. Qd4 Qf6 30. Qxa7 Re1+ 31. Kg2 Qxb2 32. Qc5 Qe5 33.
Qf8+ Kf6 34. Rc3 Qe7 35. Rf3+ Ke6 36. Qc8+ Kd6 37. Qb8+ Qc7 38. Qf8+ Qe7 39.
Qb8+ 1/2-1/2

[Event "I Festival Golfo di Policastro A"]
[Site "San Nicola Arcella ITA"]
[Date "2007.09.18"]
[Round "3"]
[White "Blasco, Domenico"]
[Black "Meijers, Viesturs"]
[Result "1-0"]
[WhiteElo "1981"]
[BlackElo "2483"]
[PlyCount "165"]
[EventDate "2007.09.16"]

1. d4 Nf6 2. Nf3 e6 3. e3 b6 4. Bd3 Bb7 5. Nbd2 c5 6. c3 Be7 7. O-O Nc6 8. Re1
d6 9. a3 O-O 10. e4 cxd4 11. cxd4 e5 12. d5 Nb8 13. Nf1 a5 14. Ng3 g6 15. Bh6
Re8 16. Rc1 Ba6 17. Rc3 Ng4 18. Bxa6 Nxa6 19. Bd2 Nc5 20. Qc2 a4 21. h3 Nf6 22.
Be3 Nfd7 23. Nd2 Bg5 24. Bxg5 Qxg5 25. Rc1 Rf8 26. Nc4 Qe7 27. Nd2 Kh8 28. Qb1
Qg5 29. Nc4 Nb3 30. Rd1 Qe7 31. Qd3 Ndc5 32. Qb1 b5 33. Nd2 Nxd2 34. Rxd2 Rab8
35. Qc2 b4 36. axb4 Rxb4 37. Rc4 Rfb8 38. Qc3 Rb3 39. Qc1 a3 40. Rcc2 Qb7 41.
Qa1 axb2 42. Qb1 Qb4 43. f3 Qa3 44. Ne2 Nd3 45. Kh2 Qa1 46. Rd1 Ra8 47. Nc3
Rxc3 48. Rxc3 Qxb1 49. Rxb1 Ra1 50. Rxd3 Rxb1 51. Rb3 g5 52. g3 Rf1 53. Rxb2
Rxf3 54. Rb6 Re3 55. Rxd6 Rxe4 56. Rd8+ Kg7 57. d6 Re2+ 58. Kg1 Rd2 59. d7 Kf6
60. Kf1 Rd5 61. Ke2 Kf5 62. Ke3 h5 63. h4 gxh4 64. gxh4 Ke6 65. Rh8 Rxd7 66.
Rxh5 f5 67. Rh8 Ra7 68. h5 Ra3+ 69. Kf2 Kd5 70. h6 Rh3 71. Kg2 Rh5 72. Kf3 f4
73. h7 Rh3+ 74. Kg4 Rg3+ 75. Kf5 Rh3 76. Rd8+ Kc4 77. h8=Q Rxh8 78. Rxh8 Kd3
79. Kg4 Ke3 80. Rh3+ Ke2 81. Ra3 Kf2 82. Kf5 Ke2 83. Ke4 1-0

[Event "I Festival Golfo di Policastro A"]
[Site "San Nicola Arcella ITA"]
[Date "2007.09.18"]
[Round "3"]
[White "Drasko, Milan"]
[Black "Vuelban, Virgilio"]
[Result "1-0"]
[WhiteElo "2552"]
[BlackElo "2332"]
[PlyCount "62"]
[EventDate "2007.09.16"]

1. d4 Nf6 2. c4 g6 3. Nf3 Bg7 4. g3 O-O 5. Bg2 d6 6. O-O Nbd7 7. Qc2 e5 8. Rd1
exd4 9. Nxd4 Re8 10. e4 a6 11. h3 Rb8 12. Nc3 Qe7 13. Nb3 c5 14. Bg5 h6 15. Nd5
Qf8 16. Nxf6+ Bxf6 17. Be3 Kh7 18. Rd2 b6 19. Rad1 Be7 20. Nc1 b5 21. Ne2 bxc4
22. Qxc4 Ne5 23. Qc2 Be6 24. b3 Nc6 25. Nf4 Rb6 26. h4 Bf6 27. Rxd6 Nb4 28.
Qxc5 Rxd6 29. Qxd6 Nxa2 30. Qxf8 Rxf8 31. Nxe6 fxe6 1-0

[Event "I Festival Golfo di Policastro A"]
[Site "San Nicola Arcella ITA"]
[Date "2007.09.18"]
[Round "3"]
[White "Efimov, Igor"]
[Black "Pedersen, Nicolai Vesterbaek"]
[Result "1/2-1/2"]
[WhiteElo "2426"]
[BlackElo "2440"]
[PlyCount "174"]
[EventDate "2007.09.16"]

1. d4 Nf6 2. c4 c5 3. d5 b5 4. cxb5 a6 5. bxa6 g6 6. Nc3 Bxa6 7. g3 d6 8. Bg2
Nbd7 9. Nf3 Bg7 10. Rb1 Nb6 11. b3 Bb7 12. Nh4 O-O 13. O-O Qd7 14. Bb2 Rfc8 15.
Qd2 Qe8 16. Bh3 Rc7 17. e4 Ra5 18. Rfe1 Qa8 19. Bf1 c4 20. b4 Rxa2 21. Nxa2
Qxa2 22. Ra1 Qb3 23. Qc3 e6 24. dxe6 fxe6 25. Qxb3 cxb3 26. e5 Nfd5 27. Ra3 Nd7
28. Bh3 Nxe5 29. Bxe6+ Kf8 30. Rxb3 Rc2 31. Bxe5 Bxe5 32. Nf3 Bc3 33. Reb1 Nc7
34. Bc4 Bf6 35. Bd3 Ra2 36. Bc4 Rc2 37. Bf1 g5 38. b5 Ne6 39. Ne1 Ra2 40. Bg2
d5 41. Nd3 Nd4 42. Rb4 Nc2 43. R4b3 Nd4 44. R3b2 Ne2+ 45. Rxe2 Rxe2 46. Nc5 Re7
47. Nxb7 Rxb7 48. Bxd5 Rb6 49. Bc6 Ke7 50. Re1+ Kf7 51. Rd1 h5 52. Kg2 Rb8 53.
Kf3 h4 54. Kg4 hxg3 55. hxg3 Ke6 56. Re1+ Kd6 57. Kf5 Bd4 58. f3 Bf2 59. Re6+
Kc5 60. Kg4 Kd4 61. Re4+ Kd3 62. Re5 Be3 63. Re6 Kd4 64. f4 gxf4 65. gxf4 Rg8+
66. Kf3 Bc1 67. Be4 Rg1 68. Rd6+ Kc5 69. Rd5+ Kc4 70. Rf5 Rf1+ 71. Ke2 Rxf4 72.
Bd3+ Kb4 73. Rd5 Rf6 74. Rd4+ Ka5 75. Rd8 Bg5 76. Ra8+ Kb6 77. Be4 Rd6 78. Kf3
Bf6 79. Bc6 Bb2 80. Ra6+ Kc7 81. Ra2 Bf6 82. Ke4 Kb6 83. Rc2 Rd4+ 84. Kf5 Rd6
85. Ra2 Bd4 86. Ra4 Bf2 87. Ra6+ Kc7 1/2-1/2

[Event "I Festival Golfo di Policastro A"]
[Site "San Nicola Arcella ITA"]
[Date "2007.09.18"]
[Round "3"]
[White "Epishin, Vladimir V."]
[Black "Okhotnik, Vladimir"]
[Result "1-0"]
[WhiteElo "2587"]
[BlackElo "2468"]
[PlyCount "26"]
[EventDate "2007.09.16"]

1. d4 g6 2. e4 Bg7 3. Nf3 d6 4. c4 c5 5. d5 Bg4 6. Be2 Bxf3 7. Bxf3 Nf6 8. O-O
O-O 9. g3 Re8 10. Bg2 a6 11. Nc3 e6 12. a4 Nbd7 13. dxe6 13... Rxe6 {...} 1-0

[Event "I Festival Golfo di Policastro A"]
[Site "San Nicola Arcella ITA"]
[Date "2007.09.18"]
[Round "3"]
[White "Gad, Ahmad"]
[Black "Lombardi, Mariano"]
[Result "0-1"]
[WhiteElo "1796"]
[BlackElo "1877"]
[PlyCount "68"]
[EventDate "2007.09.16"]

1. e4 c5 2. Nf3 d6 3. d4 cxd4 4. Nxd4 Nf6 5. Nc3 a6 6. Bg5 e6 7. f4 Be7 8. Qf3
Qc7 9. O-O-O Nbd7 10. g4 b5 11. Bxf6 Nxf6 12. g5 Nd7 13. f5 Bxg5+ 14. Kb1 Ne5
15. Qh5 Qe7 16. Rg1 Bf6 17. fxe6 g6 18. exf7+ Qxf7 19. Qe2 Bg7 20. Nd5 Rb8 21.
Qd2 O-O 22. Be2 Bb7 23. Rgf1 Qd7 24. Qg5 Kh8 25. Nb6 Qh3 26. Qe7 Rfe8 27. Qxd6
Bxe4 28. Qc7 Rbd8 29. a3 h6 30. Rf2 Qe3 31. Ne6 Rxd1+ 32. Bxd1 Rxe6 33. Qc8+
Kh7 34. Qxe6 Qxf2 0-1

[Event "I Festival Golfo di Policastro A"]
[Site "San Nicola Arcella ITA"]
[Date "2007.09.18"]
[Round "3"]
[White "Lazic, Miroljub"]
[Black "Cruz Alvarez De Ron, Dan"]
[Result "1-0"]
[WhiteElo "2470"]
[BlackElo "2204"]
[PlyCount "67"]
[EventDate "2007.09.16"]

1. c4 c5 2. Nc3 Nc6 3. g3 g6 4. Bg2 Bg7 5. e3 Nh6 6. Nge2 Nf5 7. O-O O-O 8. a3
a6 9. Rb1 Rb8 10. b4 cxb4 11. axb4 b5 12. c5 a5 13. bxa5 b4 14. Nd5 Qxa5 15. d4
Ba6 16. Bb2 Qb5 17. Re1 Qd3 18. Qc1 b3 19. Nb6 Rfd8 20. Nc3 Qc2 21. Nxd7 Rxd7
22. Bxc6 Rc7 23. Be4 Qxc1 24. Rexc1 e6 25. Ra1 Bc8 26. Na4 Ne7 27. Nb6 f5 28.
Bf3 Bb7 29. Bd1 Bd5 30. Rc3 Nc6 31. Nxd5 exd5 32. Rxb3 Rcb7 33. Rxb7 Rxb7 34.
Bc3 1-0

[Event "I Festival Golfo di Policastro A"]
[Site "San Nicola Arcella ITA"]
[Date "2007.09.18"]
[Round "3"]
[White "Luch, Michal"]
[Black "Villar Nieves, Antonio"]
[Result "1/2-1/2"]
[WhiteElo "2362"]
[BlackElo "2175"]
[PlyCount "25"]
[EventDate "2007.09.16"]

1. Nf3 c5 2. g3 Nc6 3. Bg2 g6 4. O-O Bg7 5. e4 d6 6. c3 e5 7. Re1 Nge7 8. d3
O-O 9. Nbd2 h6 10. a3 a5 11. a4 Be6 12. Nc4 Qc7 13. Qe2 1/2-1/2

[Event "I Festival Golfo di Policastro A"]
[Site "San Nicola Arcella ITA"]
[Date "2007.09.18"]
[Round "3"]
[White "Marincolo, Piercarlo"]
[Black "Damia, Angelo"]
[Result "0-1"]
[WhiteElo "1760"]
[BlackElo "2263"]
[PlyCount "66"]
[EventDate "2007.09.16"]

1. e4 c5 2. Nf3 a6 3. d4 cxd4 4. Nxd4 Nf6 5. Nc3 e5 6. Nf3 Bb4 7. Bg5 Bxc3+ 8.
bxc3 Qc7 9. Bd3 Qxc3+ 10. Bd2 Qc7 11. O-O d6 12. Nh4 Be6 13. f4 Nbd7 14. f5 Bc4
15. g4 h6 16. Ng2 d5 17. Re1 dxe4 18. Bxe4 Nc5 19. Bf3 O-O-O 20. Ne3 Nce4 21.
Nxc4 Qxc4 22. Be3 Rxd1 23. Rexd1 Nc3 24. Rd2 Nxg4 25. Bb6 Na4 26. Bf2 Nxf2 27.
Rxf2 e4 28. Be2 Qc5 29. Kf1 Nc3 30. Bg4 h5 31. Bh3 Qe3 32. Bg2 Rd8 33. f6 g6
0-1

[Event "I Festival Golfo di Policastro A"]
[Site "San Nicola Arcella ITA"]
[Date "2007.09.18"]
[Round "3"]
[White "Naumkin, Igor"]
[Black "Bellia, Fabrizio"]
[Result "0-1"]
[WhiteElo "2490"]
[BlackElo "2405"]
[PlyCount "74"]
[EventDate "2007.09.16"]

1. d4 Nf6 2. c4 e6 3. Nf3 Bb4+ 4. Bd2 Qe7 5. g3 Nc6 6. Nc3 Bxc3 7. Bxc3 Ne4 8.
Rc1 Nxc3 9. Rxc3 d6 10. d5 Nd8 11. Bg2 O-O 12. O-O e5 13. c5 f5 14. cxd6 cxd6
15. Qc2 Nf7 16. Rc7 Qf6 17. Nd2 f4 18. Ne4 Qg6 19. Qa4 a6 20. Qb4 b5 21. Rxf7
Rxf7 22. Nxd6 Rc7 23. Ne4 Bf5 24. Nd2 Rd8 25. Nf3 Qf6 26. gxf4 exf4 27. Qxf4
Rc4 28. Qe5 Qg6 29. Qe7 Re8 30. Qg5 Qxg5 31. Nxg5 Rxe2 32. b3 Rg4 33. Nf3 Be4
34. h3 Rg6 35. Nh4 Bxg2 36. Nxg2 Rd2 37. Kh2 Rf6 0-1

[Event "I Festival Golfo di Policastro A"]
[Site "San Nicola Arcella ITA"]
[Date "2007.09.18"]
[Round "3"]
[White "Rahimov, Rahmatjon"]
[Black "Rotoni, Matteo"]
[Result "1/2-1/2"]
[WhiteElo "2120"]
[BlackElo "2074"]
[PlyCount "62"]
[EventDate "2007.09.16"]

1. e4 e6 2. d4 d5 3. Nd2 Be7 4. e5 c5 5. c3 Nc6 6. Ndf3 cxd4 7. cxd4 Bb4+ 8.
Bd2 Qb6 9. Bxb4 Qxb4+ 10. Qd2 Bd7 11. Bd3 Qxd2+ 12. Kxd2 Nb4 13. Bb1 Rc8 14.
Ne2 Ne7 15. Nc3 O-O 16. h4 f6 17. Re1 Nbc6 18. exf6 Rxf6 19. Bd3 a6 20. Ke3 Nb4
21. Bb1 Rcf8 22. Ne5 Be8 23. f3 Nbc6 24. Ne2 Nxe5 25. dxe5 Nf5+ 26. Bxf5 Rxf5
27. f4 Bb5 28. g3 Bxe2 29. Kxe2 h6 30. Ke3 g5 31. hxg5 hxg5 1/2-1/2

[Event "I Festival Golfo di Policastro A"]
[Site "San Nicola Arcella ITA"]
[Date "2007.09.18"]
[Round "3"]
[White "Tondo, Salvatore"]
[Black "Colucci, Stefano"]
[Result "0-1"]
[WhiteElo "1915"]
[BlackElo "1944"]
[PlyCount "94"]
[EventDate "2007.09.16"]

1. e4 c5 2. d4 cxd4 3. c3 dxc3 4. Nxc3 Nc6 5. Nf3 e6 6. Bc4 Nf6 7. Qe2 Be7 8.
O-O Qc7 9. Nb5 Qb8 10. e5 Ng8 11. Bf4 a6 12. Nd6+ Bxd6 13. exd6 b5 14. Bd3 Nge7
15. Be4 Bb7 16. Bg3 Ng6 17. h4 O-O 18. h5 Nh8 19. Ng5 f5 20. Bxc6 Bxc6 21. h6
gxh6 22. Nh3 Ng6 23. Nf4 Qe8 24. Rfe1 Nxf4 25. Bxf4 Qg6 26. f3 Kf7 27. Rac1
Rac8 28. Kf2 Rg8 29. Qf1 Qf6 30. Be5 Qg5 31. Rc3 b4 32. Rcc1 Bb5 33. Rxc8 Qd2+
34. Re2 Bxe2 35. Qxe2 Qxe2+ 36. Kxe2 Rxc8 37. Kd2 h5 38. g3 Rc5 39. f4 Kg6 40.
Kd3 a5 41. Kd4 Rc1 42. Kd3 Rg1 43. Kc4 Rxg3 44. Kb5 h4 45. Bd4 h3 46. Kb6 Kf7
47. Kc7 Ke8 0-1

[Event "I Festival Golfo di Policastro A"]
[Site "San Nicola Arcella ITA"]
[Date "2007.09.18"]
[Round "3"]
[White "Valenti, Giuseppe"]
[Black "Barlotti, Gabriele"]
[Result "1-0"]
[WhiteElo "2221"]
[BlackElo "1660"]
[PlyCount "33"]
[EventDate "2007.09.16"]

1. e4 c5 2. Nf3 d6 3. d4 cxd4 4. Nxd4 Nf6 5. Nc3 a6 6. Bg5 e6 7. f4 b5 8. e5
dxe5 9. fxe5 Qc7 10. Qe2 Nfd7 11. O-O-O Qxe5 12. Qxe5 Nxe5 13. Ndxb5 f6 14.
Nc7+ Kf7 15. Nxa8 Bb7 16. Bf4 Bxa8 17. Rd8 1-0

[Event "I Festival Golfo di Policastro A"]
[Site "San Nicola Arcella ITA"]
[Date "2007.09.19"]
[Round "4"]
[White "Bellia, Fabrizio"]
[Black "Epishin, Vladimir V."]
[Result "0-1"]
[WhiteElo "2405"]
[BlackElo "2587"]
[PlyCount "106"]
[EventDate "2007.09.16"]

1. e4 d5 2. exd5 Qxd5 3. Nc3 Qd6 4. d4 Nf6 5. Nf3 g6 6. Nb5 Qb6 7. Bf4 Na6 8.
a4 Bg4 9. c4 Qe6+ 10. Qe2 Qxe2+ 11. Bxe2 c6 12. Nc7+ Nxc7 13. Bxc7 Bg7 14. Be5
O-O 15. a5 Rad8 16. O-O Ne4 17. Bxg7 Kxg7 18. Rfd1 Ng5 19. d5 cxd5 20. cxd5
Bxf3 21. Bxf3 Nxf3+ 22. gxf3 Rd7 23. Ra3 Rc8 24. Rc3 Rxc3 25. bxc3 Kf6 26. f4
Rc7 27. Rb1 Rc5 28. Rxb7 Rxa5 29. c4 Rc5 30. Rb4 a5 31. Rb6+ e6 32. dxe6 fxe6
33. Kg2 Rxc4 34. Ra6 a4 35. Kf3 h6 36. Ra7 Rc3+ 37. Ke4 Rc4+ 38. Kf3 g5 39.
fxg5+ hxg5 40. Kg3 g4 41. Ra5 e5 42. Ra8 Rf4 43. Re8 Kf5 44. Rf8+ Ke4 45. Rb8
Rf3+ 46. Kxg4 Rxf2 47. Ra8 Rg2+ 48. Kh3 Ra2 49. Kg3 Ra1 50. h4 a3 51. h5 Kf5
52. Ra5 a2 53. Kg2 Kf6 0-1

[Event "I Festival Golfo di Policastro A"]
[Site "San Nicola Arcella ITA"]
[Date "2007.09.19"]
[Round "4"]
[White "Bruno, Franco"]
[Black "Gad, Ahmad"]
[Result "0-1"]
[WhiteElo "1849"]
[BlackElo "1796"]
[PlyCount "70"]
[EventDate "2007.09.16"]

1. e4 c5 2. Nc3 d6 3. g3 g6 4. Bg2 Bg7 5. d3 e5 6. f4 Ne7 7. Nf3 Nbc6 8. h3 O-O
9. O-O h6 10. Nh4 Nd4 11. Nf3 Be6 12. Nxd4 cxd4 13. Ne2 Qd7 14. Kh2 Rac8 15.
Bd2 Qb5 16. c4 Qxb2 17. Rb1 Qxa2 18. Rxb7 Rfe8 19. Nc1 Qa3 20. Bb4 Qa6 21. Rxe7
Rxe7 22. f5 Rb7 23. fxe6 Rxb4 24. exf7+ Kf8 25. Qg4 Rc7 26. Qxg6 Rbb7 27. c5
Rxf7 28. Rxf7+ Rxf7 29. Nb3 Rf6 30. Qg4 Qc6 31. Nxd4 exd4 32. e5 Rf2 33. Qf4+
Rxf4 34. Bxc6 Rf2+ 35. Kg1 Rc2 0-1

[Event "I Festival Golfo di Policastro A"]
[Site "San Nicola Arcella ITA"]
[Date "2007.09.19"]
[Round "4"]
[White "Buhmann, Rainer"]
[Black "Drasko, Milan"]
[Result "1/2-1/2"]
[WhiteElo "2583"]
[BlackElo "2552"]
[PlyCount "24"]
[EventDate "2007.09.16"]

1. Nf3 Nf6 2. c4 e6 3. g3 d5 4. d4 Be7 5. Bg2 O-O 6. O-O Nbd7 7. Qc2 c6 8. Nbd2
b6 9. e4 Ba6 10. e5 Ne8 11. Re1 Rc8 12. h4 Nc7 1/2-1/2